|
|
|
|
| LEADER |
00000ngm a22000007i 4500 |
| 001 |
IT\ICCU\UBO\2990261 |
| 003 |
ItRI |
| 005 |
20260508115516.0 |
| 008 |
061102s2001 it |||||||||||||||k|||||c |
| 028 |
4 |
2 |
|a EMK04048P
|
| 040 |
|
|
|b ita
|c Centro di documentazione Omologie (CIG Arcigay Milano)
|
| 041 |
|
7 |
|a eng
|a ita
|2 ISO-639-2
|
| 130 |
0 |
|
|a Circuit < film ; 2001 >
|
| 245 |
0 |
0 |
|a Circuit /
|c un film di Dirk Shafer.
|
| 260 |
|
|
|a [Milano] :
|b Emik,
|c 2001
|
| 300 |
|
|
|a 1 videocassetta (VHS) (130 min.) :
|b color., son
|
| 500 |
|
|
|a Tit. del contenitore
|
| 500 |
|
|
|a Ripr. del film del 2001; prod. USA; interpreti: Jonathan Wade-Drahos, Andre Khabbazi
|
| 500 |
|
|
|a Film non adatto ai minori di 18 anni.
|
| 700 |
1 |
|
|a Shafer, Dirk
|0 IT\ICCU\UBOV\056175
|
| 700 |
1 |
|
|a Wade Drahos, Jonathan
|0 IT\ICCU\UBOV\056184
|
| 700 |
1 |
|
|a Khabbazi, Andre
|0 IT\ICCU\UBOV\056185
|
| 942 |
|
|
|2 ddc
|c VM
|n 0
|
| 952 |
|
|
|0 0
|1 0
|4 0
|6 VO_1121_000000000000000
|7 0
|9 27294
|a BO
|b BO
|d 2026-01-24
|i 9262
|l 0
|o VO 1121
|p BO9262
|r 2026-01-24 18:28:52
|w 2026-01-24
|x [Sebina 5] [1 videocassetta]
|y VM
|z 1 videocassetta
|
| 952 |
|
|
|0 0
|1 0
|2 ddc
|4 0
|6 791_430000000000000_CIR_SHA
|7 0
|9 33391
|a MI
|b MI
|d 2026-05-02
|l 0
|o 791.43 CIR SHA
|p 11890
|r 2026-05-02 14:56:00
|w 2026-05-02
|y VM
|
| 999 |
|
|
|c 23110
|d 23110
|